000 00550ntaaa2200205 4500
003 01
005 20251027202044.0
008 0714s1973 ag 01
040 _aAR-BaBN
_bspa
_cAR-BaBN
_eaacr
_dRIC
082 _a251.0200 St3c
100 _aSteigenga, Juan
245 _aLas crisis de Jesús
250 _a1 ed.
260 _aGrand Rapids :
_bIglesia Cristiana Reformada,
_c1980
300 _a29 p ;
_c20,5 cm
500 _aBosquejos para sermones
650 _aJesucristo-vida de
_95253
650 _aBosquejos de sermones
_919163
942 _cBK
999 _c15372
_d15372